| 000 | 00514nam a2200229Ia 4500 | ||
|---|---|---|---|
| 001 | 12551 | ||
| 003 | GE_BSU | ||
| 008 | 181216s||||||||xx |||||||||||||| ||und|| | ||
| 040 | _cGE_BSU | ||
| 080 | _a811.111'366 | ||
| 100 | _aLeech,Geoffrey | ||
| 245 | _aSemantics. The study of Meaning | ||
| 250 | _aSeqond Edition | ||
| 260 | _aLondon | ||
| 260 | _bPenguin Books | ||
| 260 | _c1981 | ||
| 300 | _a383p.20cm. | ||
| 541 | _h336Gel. | ||
| 653 | _aSemantics. | ||
| 653 | _aThe study of Meaning | ||
| 942 | _cBK | ||
| 999 |
_c45724 _d45724 |
||